| 000 | 00602nam a2200205Ia 4500 | ||
|---|---|---|---|
| 003 | IN-BaIIA | ||
| 008 | 211028s9999 xx 000 0 eng d | ||
| 020 | _a0-85685-031-4 | ||
| 040 | _cIIA Library | ||
| 080 |
_a635.965 _bGHB |
||
| 245 | 0 |
_aplants for pots _cedited by Ursula Robertshaw and Lynn Dicknett |
|
| 260 |
_aLondon _bGolden Hands Books _c1975 |
||
| 300 | _a127p. | ||
| 650 | _aNASA thesaurus | ||
| 650 |
_aPlants _97639 |
||
| 650 |
_aPot plants _99928 |
||
| 700 |
_aDicknett, Lynn., ed. _99929 |
||
| 700 |
_aRobertshaw, Ursula., ed. _99930 |
||
| 942 | _cBK | ||
| 999 |
_c5733 _d5733 |
||